000 00416nmm a2200157Ia 4500
008 251105s9999||||xx |||||||||||||||||und||
020 _a9788416110858
041 _aspa
100 _aGil Gómez, Carlos
245 0 _aCobarde
264 _a[Madrid, España] :
_bExLibric,
_c2016
300 _a250 páginas
650 _aSpanish narrative
856 _uhttps://public.digitaliapublishing.com/a/85393
942 _cCF
999 _c77275
_d77275